| 000 | 00642nam a2200193 i 4500 | ||
|---|---|---|---|
| 001 | 134076 | ||
| 003 | ES-MaACL | ||
| 007 | t| | ||
| 008 | 031008s1948 mx ||||1| spa d | ||
| 245 | 0 | 0 |
_aDiccionario de Psicología / _cHoward C. Warren, editor ; traducción y revisión de E. Imaz, A. Alatorre, L. Alaminos. |
| 250 | _a1ª ed. en español. | ||
| 260 |
_aMéxico : _bFondo de Cultura Económica, _c1948. |
||
| 300 |
_aXVI,383 p. ; _c24 cm. |
||
| 700 | 1 |
_aWarren, Howard C. _9116124 |
|
| 700 | 1 |
_aImaz, Eugenio. _965203 |
|
| 700 | 1 |
_aAlatorre, Antonio. _919169 |
|
| 700 | 1 |
_aAlaminos, L. _919104 |
|
| 852 |
_aES-MaACL _jB-2192 _bR.26961 |
||
| 999 |
_c134076 _d134076 |
||